| 000 | 00633nam a2200265Ia 4500 | ||
|---|---|---|---|
| 003 | IT-RoPAU | ||
| 008 | 120407s9999 xx 000 0 und d | ||
| 040 | _aIT-RoPAU | ||
| 040 | _cIT-RoPAU | ||
| 041 | _aita | ||
| 100 | _aLorenzo Dattrino | ||
| 100 | _ccoll. | ||
| 245 | _aLa spiritualità dei Padri. II e V secolo. Martirio- Verginità- gnosi cristiana . nuova ed. | ||
| 250 | _aBologna | ||
| 260 | _aEDB | ||
| 260 | _c1984 | ||
| 300 | _a229 p. | ||
| 300 | _c22 cm | ||
| 490 | _aStoria della spiritualità | ||
| 490 | _v3 | ||
| 700 | _aLouis Bouyer | ||
| 700 | _aLorenzo Dattrino | ||
| 942 | _cBK | ||
| 999 |
_c29555 _d29555 |
||